Southville International School and Colleges
Your cart is empty.
  • Cart
  • Lists
    Public lists Eva Luna New books Lux_list list_1
    Your lists Log in to create your own lists
  • Log in to your account
  • Your cookies
  • Search history
Southville International School and Colleges
  • Advanced search
  • Recent comments
  • Most popular
  • Libraries

Log in to your account

Log in with GOOGLE


If you do not have an external account, but do have a local account, you can still log in:

  1. Home
  2. MARC view: Repeatability :
Normal view MARC view ISBD view

Repeatability : (Record no. 25356)

[ view plain ]
MARC details
000 -LEADER
fixed length control field 01064nam a2200265 a 4500
003 - CONTROL NUMBER IDENTIFIER
control field SISC
005 - DATE AND TIME OF LATEST TRANSACTION
control field 20170118154319.0
008 - FIXED-LENGTH DATA ELEMENTS--GENERAL INFORMATION
fixed length control field 121029s19uu xx 00 eng d
020 ## - INTERNATIONAL STANDARD BOOK NUMBER
International Standard Book Number 9781422143308
050 ## - LIBRARY OF CONGRESS CALL NUMBER
Classification number HD 30.28
Item number .Z66 2012
100 ## - MAIN ENTRY--PERSONAL NAME
Personal name Zook, Chris.
245 ## - TITLE STATEMENT
Title Repeatability :
Remainder of title build enduring businesses for a world of constant change /
Statement of responsibility, etc Chris Zook, James Allen.
260 ## - PUBLICATION, DISTRIBUTION, ETC. (IMPRINT)
Place of publication, distribution, etc Boston, Mass :
Name of publisher, distributor, etc Harvard Business Review Press,
Date of publication, distribution, etc 2012.
300 ## - PHYSICAL DESCRIPTION
Extent 270 pages :
Other physical details illustrations ;
Dimensions 24 cm.
500 ## - GENERAL NOTE
General note Includes index.
520 ## - SUMMARY, ETC.
Summary, etc Is constant reinvention the key to winning in fast-paced world? This title reveals a truth: successful companies that endure maintain a form of simplicity at their core. It equips companies to deal successfully with complexity, the silent killer of profitable growth
650 ## - SUBJECT ADDED ENTRY--TOPICAL TERM
Topical term or geographic name as entry element Strategic planning
650 ## - SUBJECT ADDED ENTRY--TOPICAL TERM
Topical term or geographic name as entry element Business planning
650 ## - SUBJECT ADDED ENTRY--TOPICAL TERM
Topical term or geographic name as entry element Technological innovations
650 ## - SUBJECT ADDED ENTRY--TOPICAL TERM
Topical term or geographic name as entry element Organizational change
650 ## - SUBJECT ADDED ENTRY--TOPICAL TERM
Topical term or geographic name as entry element Performance
700 ## - ADDED ENTRY--PERSONAL NAME
Personal name Allen, James.
942 ## - ADDED ENTRY ELEMENTS (KOHA)
Koha item type Books
Source of classification or shelving scheme Library of Congress Classification
Call number prefix Foreign
Holdings
Withdrawn status Lost status Source of classification or shelving scheme Damaged status Home library Current library Shelving location Date acquired Source of acquisition Cost, normal purchase price Total Checkouts Full call number Barcode Date last seen Copy number Price effective from Koha item type
    Library of Congress Classification   College Library College Library Reserve Section 10/29/2012   1380.00   HD 30.28 .Z66 2012 C15397 10/30/2014 1 10/18/2013 Books

Repeatability :

APA

Zook C., Allen J., . (2012). Repeatability. Boston, Mass: Harvard Business Review Press.

Chicago

Zook Chris, Allen James, . 2012. Repeatability. Boston, Mass: Harvard Business Review Press.

Harvard

Zook C., Allen J., . (2012). Repeatability. Boston, Mass: Harvard Business Review Press.

MLA

Zook Chris, Allen James, . Repeatability. Boston, Mass: Harvard Business Review Press. 2012.

  • Place hold
  • Print
  • Cite
  • Add to your cart (remove)
  • Save record
    BIBTEX Dublin Core MARCXML MARC (non-Unicode/MARC-8) MARC (Unicode/UTF-8) MARC (Unicode/UTF-8, Standard) MODS (XML) RIS
  • More searches
    Search for this title in:
    Other Libraries (WorldCat) Other Databases (Google Scholar) Online Stores (Bookfinder.com) Open Library (openlibrary.org)

Exporting to Dublin Core...

SOUTHVILLE LIBRARY

Southville International School and Colleges Library

1281 Tropical Ave. Cor. Luxembourg St., BF Homes International, Las Pinas City

Tel. No. 8256374 / 252358 Loc. 117/146

Powered by Koha